<?xml version="1.0" encoding="UTF-8"?>
<collection xmlns="http://www.loc.gov/MARC21/slim">
 <record>
  <leader>00533nam a22001575a 4500</leader>
  <controlfield tag="001">EUN.um048585</controlfield>
  <controlfield tag="003">AR-BaUNS</controlfield>
  <controlfield tag="005">20050623122916.0</controlfield>
  <controlfield tag="008">041125s192?####sp#a##########000#0#spa#d</controlfield>
  <datafield tag="245" ind1="1" ind2="0">
   <subfield code="a">Obras escogidas /</subfield>
   <subfield code="c">Mariano J. Larra Sánchez de Castro.</subfield>
  </datafield>
  <datafield tag="260" ind1=" " ind2=" ">
   <subfield code="a">Barcelona :</subfield>
   <subfield code="b">Librería Científica Literaria,</subfield>
   <subfield code="c">192?.</subfield>
  </datafield>
  <datafield tag="300" ind1=" " ind2=" ">
   <subfield code="a">361 p. :</subfield>
   <subfield code="b">ilus. ;</subfield>
   <subfield code="c">15 cm. .</subfield>
  </datafield>
  <datafield tag="490" ind1="0" ind2=" ">
   <subfield code="a">Enciclopedia Literaria, v. 4</subfield>
  </datafield>
  <datafield tag="100" ind1="1" ind2=" ">
   <subfield code="a">Larra Sánchez de Castro, Mariano J.</subfield>
  </datafield>
  <datafield tag="082" ind1="0" ind2="4">
   <subfield code="a">864.5</subfield>
  </datafield>
  <datafield tag="859" ind1=" " ind2=" ">
   <subfield code="a">Ar-BaUNS</subfield>
   <subfield code="b">BIB. CENTRAL - Sector C</subfield>
   <subfield code="h">864.5</subfield>
   <subfield code="i">L328-2</subfield>
   <subfield code="p">967/964</subfield>
  </datafield>
 </record>
</collection>
